[Event "11th Tal Mem Rapid 2018"]
[Site "Moscow RUS"]
[Date "2018.03.03"]
[Round "6.4"]
[White "Svidler, Peter"]
[Black "Karjakin, Sergey"]
[Result "1/2-1/2"]
[WhiteTitle "GM"]
[BlackTitle "GM"]
[WhiteElo "2760"]
[BlackElo "2763"]
[WhiteFideId "4102142"]
[BlackFideId "14109603"]
[EventDate "2018.03.02"]

1. c4 Nf6 2. Nc3 e6 3. d4 Bb4 4. e3 O-O 5. Ne2 d5 6. a3 Be7 7. cxd5 exd5 8. g3
Re8 9. Bg2 a5 10. O-O Na6 11. h3 c6 12. g4 Nc7 13. Ng3 Nd7 14. f4 b5 15. e4 dxe4
16. Ncxe4 Ra6 17. f5 c5 18. dxc5 Nxc5 19. Be3 Nxe4 20. Nxe4 Bb7 21. Qc2 Nd5 22.
Bc5 Qc7 23. Rac1 Rc6 24. Qf2 Rc8 25. b4 axb4 26. axb4 Nxb4 27. Bxe7 Rxc1 28.
Bxb4 Rxf1+ 29. Qxf1 Qc4 30. Nf6+ gxf6 31. Bxb7 Qxf1+ 32. Kxf1 Rc4 33. Bd2 b4 34.
Ba6 Rd4 35. Ke2 b3 36. Bd3 Ra4 37. Bc3 Ra2+ 38. Ke3 Rh2 39. Bxf6 Rxh3+ 40. Kd2
Rg3 41. g5 Rf3 42. Be4 Rf2+ 43. Kc3 Re2 44. Bd5 b2 45. Ba2 Rf2 46. Bb1 Rg2 47.
Bc2 Rh2 48. Kxb2 h6 49. gxh6 Rxh6 50. Bd4 Rc6 51. Kb3 Rc8 52. Be4 Rc7 53. Kb4
Rc8 54. Bd5 Rc7 55. Kb5 Rc1 56. Bc4 Rc2 57. Kc5 Rc1 58. Kd5 Re1 59. Be5 Rd1+ 60.
Ke4 Re1+ 61. Kf4 Rc1 62. Bb3 Rb1 63. Ba2 Rb5 64. Ke4 Ra5 65. Bd5 Ra4+ 66. Bd4
Ra5 67. Ke5 Ra6 68. Bb7 Ra4 69. Bc5 Ra5 70. Kd6 Kg7 71. Bd4+ Kg8 72. Bd5 Ra4 73.
Bc3 Ra3 74. Bf6 Ra7 75. Be7 Ra5 76. f6 Ra1 77. Bc6 Ra7 78. Kc5 Ra6 79. Kb5 Ra1
80. Kb6 Ra2 81. Kc7 Rd2 82. Bd7 Kh7 83. Kd8 Kg6 84. Ke8 Rf2 85. Bb5 Rxf6 86.
Bd3+ Kg7 1/2-1/2

[Event "11th Tal Mem Rapid 2018"]
[Site "Moscow RUS"]
[Date "2018.03.04"]
[Round "7.2"]
[White "Karjakin, Sergey"]
[Black "Anand, Viswanathan"]
[Result "1/2-1/2"]
[WhiteTitle "GM"]
[BlackTitle "GM"]
[WhiteElo "2763"]
[BlackElo "2776"]
[WhiteFideId "14109603"]
[BlackFideId "5000017"]
[EventDate "2018.03.02"]

1. e4 e5 2. Nf3 Nc6 3. Bb5 Nf6 4. d3 Bc5 5. c3 O-O 6. O-O d5 7. Nbd2 dxe4 8.
dxe4 a5 9. Bxc6 bxc6 10. Nxe5 Re8 11. Nxc6 Qd7 12. Nd4 Bxd4 13. cxd4 Qxd4 14.
Nf3 Qxe4 15. Re1 Qc6 16. Rxe8+ Nxe8 17. Be3 Bb7 18. Rc1 Qb5 19. Rc2 Ra6 20. Rd2 1/2-1/2

[Event "11th Tal Mem Rapid 2018"]
[Site "Moscow RUS"]
[Date "2018.03.04"]
[Round "7.3"]
[White "Grischuk, Alexander"]
[Black "Svidler, Peter"]
[Result "1/2-1/2"]
[WhiteTitle "GM"]
[BlackTitle "GM"]
[WhiteElo "2767"]
[BlackElo "2760"]
[WhiteFideId "4126025"]
[BlackFideId "4102142"]
[EventDate "2018.03.02"]

1. d4 Nf6 2. c4 g6 3. g3 Bg7 4. Bg2 O-O 5. Nc3 Nc6 6. Nf3 d5 7. cxd5 Nxd5 8. O-O
Bf5 9. Ng5 Nxc3 10. bxc3 e5 11. Qb3 Rb8 12. dxe5 Nxe5 13. Ne4 h6 14. Rd1 Qc8 15.
Bf4 Re8 16. Nc5 b6 17. Nd3 Nxd3 18. exd3 Bh3 19. d4 Bxg2 20. Kxg2 g5 21. Be3 Qf5
22. a4 c6 23. Ra2 h5 24. Rad2 h4 25. Qc4 h3+ 26. Kg1 Re6 27. d5 Re4 28. Qe2 c5
29. d6 Bxc3 30. Rd5 Re5 31. Rxe5 Bxe5 32. g4 Qe4 33. f3 Qxa4 34. Bxg5 Bd4+ 35.
Kf1 f6 36. Bf4 Re8 37. Qd3 Kg7 38. Re1 Qa2 39. Bd2 Rxe1+ 40. Kxe1 Qe6+ 41. Kd1
Qxd6 42. Qe4 Qd7 43. Kc1 a5 44. Qf4 Qe6 45. Qh6+ Kf7 46. Qxh3 a4 47. Qh7+ Ke8
48. Qd3 Qb3 49. Qe4+ Kd8 50. Qa8+ Kd7 51. Qb7+ Kd6 52. Qb8+ Kc6 53. Qa8+ Kd6 54.
Qd8+ Kc6 55. Qc8+ 1/2-1/2

[Event "11th Tal Mem Rapid 2018"]
[Site "Moscow RUS"]
[Date "2018.03.04"]
[Round "7.5"]
[White "Dubov, Daniil"]
[Black "Nepomniachtchi, Ian"]
[Result "1/2-1/2"]
[WhiteTitle "GM"]
[BlackTitle "GM"]
[WhiteElo "2701"]
[BlackElo "2751"]
[WhiteFideId "24126055"]
[BlackFideId "4168119"]
[EventDate "2018.03.02"]

1. d4 d5 2. Nf3 Bf5 3. c4 e6 4. Nc3 Nf6 5. Nh4 Bg6 6. g3 c6 7. Nxg6 hxg6 8. Bg2
dxc4 9. O-O Nbd7 10. b3 Qa5 11. Bd2 Bb4 12. Rc1 Nb6 13. h4 O-O-O 14. a3 Qxa3 15.
e3 Qxb3 16. Qe2 Bxc3 17. Rxc3 Qb5 18. Qd1 g5 19. Qa1 gxh4 20. Rb1 Qf5 21. e4
Nxe4 22. Rf3 Qxf3 23. Bxf3 Nxd2 24. Qxa7 Nxb1 25. Qxb6 Rd6 26. Qxb1 hxg3 27.
fxg3 Rhd8 28. Qb6 R8d7 29. Qc5 Rxd4 30. Be2 R7d5 31. Qf8+ Kc7 32. Qxf7+ Rd7 33.
Qxe6 b5 34. Qe3 Kb7 35. Qa3 Rd2 36. Kf2 Rc2 37. Ke3 Rdd2 38. Qe7+ Kb6 39. Bh5 g6
40. Bg4 Rd3+ 41. Kf4 Rf2+ 42. Kg5 c3 43. Bd7 c2 44. Qd8+ Kc5 45. Qe7+ Rd6 46.
Qe3+ Kb4 47. Qe1+ Rfd2 48. Bxc6 Kb3 49. Be4 Kb2 50. Bxc2 Kxc2 51. Qe4+ Kc3 52.
Qe3+ Kc4 53. Qe4+ Kc5 54. Qe3+ R2d4 55. Qc3+ Kb6 56. Qc8 b4 57. g4 Kb5 58. Qe8+
Kc4 59. Qe2+ Kb3 60. Qf3+ Kb2 61. Kh6 b3 62. g5 Rd2 63. Qe4 R2d4 64. Qe5 Kb1 65.
Qe1+ Rd1 66. Qe4+ Ka2 67. Qa4+ Kb2 68. Qe4 R1d5 69. Qe3 Ka3 70. Qc3 Ka4 71. Qc4+
Ka3 72. Qc3 Ka2 73. Qc4 Rd4 74. Qf7 Rh4+ 75. Kg7 Rhd4 76. Kh6 R6d5 77. Qa7+ Kb1
78. Kxg6 b2 79. Kh6 Kc2 80. Qc7+ Kd2 81. Qb7 Kc2 82. Qc6+ Kd1 83. Qb7 Rh4+ 84.
Kg6 Rd2 85. Qb3+ Ke2 86. Qb5+ Ke3 87. Qb3+ Kf2 88. Qb6+ Ke2 89. Qb5+ Ke1 90. Qb3
Rc4 91. Kh7 Rc3 92. Qxc3 b1=Q+ 93. g6 Qf5 94. Qg3+ Ke2 95. Kh6 Rd3 96. Qh2+ Ke1
97. Qg1+ Ke2 98. Qh2+ Kf1 99. Qh1+ Kf2 100. Qh2+ Kf3 101. g7 Qe6+ 102. Kh7 Rd7
103. Qh1+ Kf2 104. Qh4+ Kf3 105. Qh5+ Kg2 106. Qg6+ 1/2-1/2

[Event "11th Tal Mem Rapid 2018"]
[Site "Moscow RUS"]
[Date "2018.03.04"]
[Round "8.1"]
[White "Kramnik, Vladimir"]
[Black "Nepomniachtchi, Ian"]
[Result "1/2-1/2"]
[WhiteTitle "GM"]
[BlackTitle "GM"]
[WhiteElo "2800"]
[BlackElo "2751"]
[WhiteFideId "4101588"]
[BlackFideId "4168119"]
[EventDate "2018.03.02"]

1. d4 d5 2. Nf3 Bf5 3. c4 e6 4. Nc3 Nf6 5. Bg5 c6 6. e3 Nbd7 7. Bd3 Bxd3 8. Qxd3
Be7 9. O-O O-O 10. Rfd1 Rc8 11. Rac1 h6 12. Bxf6 Nxf6 13. c5 Qc7 14. b4 Nd7 15.
Ne2 b6 16. Qa6 Nb8 17. Qa4 Nd7 18. Qa6 Nb8 19. Qd3 Nd7 20. Qc3 a5 21. a3 axb4
22. axb4 Ra8 23. Nf4 Ra4 24. Nd3 bxc5 25. bxc5 Rfa8 26. Ra1 Bf6 27. g3 g6 28.
Kg2 Kg7 29. Rxa4 Rxa4 30. Ra1 Qa7 31. Rxa4 Qxa4 32. Qb2 Qc4 33. Qa3 Qb5 34. h4
g5 35. hxg5 hxg5 36. Qc3 Nf8 37. Nd2 Ng6 38. Qb3 Qa5 39. Nf3 Qa6 40. Nfe1 e5 41.
dxe5 Nxe5 42. Nxe5 Bxe5 43. Qc2 Bf6 44. Qf5 Qc4 45. Nd3 Qe4+ 46. Qxe4 dxe4 47.
Nb4 Be7 48. Nxc6 Bxc5 49. g4 Kf6 50. f3 Bxe3 51. fxe4 Ke6 52. Kf3 Bc5 53. Na5
Ke5 54. Nc4+ Kd4 55. Ne3 Ke5 56. Nf5 1/2-1/2

[Event "11th Tal Mem Rapid 2018"]
[Site "Moscow RUS"]
[Date "2018.03.04"]
[Round "8.3"]
[White "Svidler, Peter"]
[Black "Gelfand, Boris"]
[Result "1/2-1/2"]
[WhiteTitle "GM"]
[BlackTitle "GM"]
[WhiteElo "2760"]
[BlackElo "2695"]
[WhiteFideId "4102142"]
[BlackFideId "2805677"]
[EventDate "2018.03.02"]

1. Nf3 c5 2. c4 Nf6 3. b3 g6 4. Bb2 Bg7 5. g3 b6 6. Bg2 Bb7 7. O-O O-O 8. d4
cxd4 9. Qxd4 d6 10. Nc3 Nbd7 11. Qd2 a6 12. Rfd1 Rc8 13. Rac1 Re8 14. Ne1 Qc7
15. Nd5 Qb8 16. Bh3 Ne4 17. Qc2 Bxb2 18. Qxb2 e6 19. Ne3 Ng5 20. Bg2 Bxg2 21.
Kxg2 f5 22. Nd3 Qb7+ 23. f3 Nf7 24. Nf4 Rc5 25. Nd3 Rc7 26. h4 b5 27. cxb5 axb5
28. Rxc7 Qxc7 29. Qd4 Qb7 30. Rc1 e5 31. Qc3 Nf6 32. Nb4 f4 33. gxf4 Nh5 34.
Ned5 Nxf4+ 35. Nxf4 exf4 36. Rc2 Nh6 37. Rd2 Qe7 38. Nd5 Qxh4 39. Nf6+ Kf7 40.
Nxe8 Qg3+ 41. Kf1 Qh3+ 1/2-1/2

[Event "11th Tal Mem Rapid 2018"]
[Site "Moscow RUS"]
[Date "2018.03.04"]
[Round "9.1"]
[White "Karjakin, Sergey"]
[Black "Kramnik, Vladimir"]
[Result "1-0"]
[WhiteTitle "GM"]
[BlackTitle "GM"]
[WhiteElo "2763"]
[BlackElo "2800"]
[WhiteFideId "14109603"]
[BlackFideId "4101588"]
[EventDate "2018.03.02"]

1. b3 d5 2. Bb2 Nf6 3. Nf3 e6 4. e3 Be7 5. c4 O-O 6. Nc3 c5 7. cxd5 Nxd5 8. Qc2
b6 9. Nxd5 exd5 10. d4 Nc6 11. Be2 Be6 12. O-O Rc8 13. dxc5 bxc5 14. Rac1 Qb6
15. Rfd1 Rfd8 16. Bd3 h6 17. Qe2 Nb4 18. Bb1 a5 19. h3 Qa6 20. Qd2 Qb7 21. Ba1
Bf8 22. Qb2 f6 23. Nh4 d4 24. exd4 cxd4 25. Qe2 Bf7 26. Rxc8 Qxc8 27. Bxd4 Qe6
28. Be3 Rxd1+ 29. Qxd1 Qd5 30. Qe2 Bc5 31. Nf5 Bf8 32. Qg4 g5 33. Nd4 h5 34. Qc8
Qc5 35. Qd8 Qc3 36. Be4 Qa1+ 37. Kh2 Kg7 38. Nf5+ Kg8 39. Bd4 Qc1 40. Nh6+ 1-0

[Event "11th Tal Mem Rapid 2018"]
[Site "Moscow RUS"]
[Date "2018.03.04"]
[Round "9.3"]
[White "Gelfand, Boris"]
[Black "Anand, Viswanathan"]
[Result "1/2-1/2"]
[WhiteTitle "GM"]
[BlackTitle "GM"]
[WhiteElo "2695"]
[BlackElo "2776"]
[WhiteFideId "2805677"]
[BlackFideId "5000017"]
[EventDate "2018.03.02"]

1. c4 e5 2. Nc3 Bb4 3. Nd5 a5 4. Nf3 d6 5. a3 Bc5 6. e3 Nf6 7. d4 Nxd5 8. dxc5
Nf6 9. cxd6 cxd6 10. Be2 O-O 11. O-O Bf5 12. c5 Nc6 13. cxd6 Ne4 14. Bb5 Re8 15.
Bxc6 1/2-1/2

[Event "11th Tal Mem Rapid 2018"]
[Site "Moscow RUS"]
[Date "2018.03.04"]
[Round "9.4"]
[White "Dubov, Daniil"]
[Black "Svidler, Peter"]
[Result "1/2-1/2"]
[WhiteTitle "GM"]
[BlackTitle "GM"]
[WhiteElo "2701"]
[BlackElo "2760"]
[WhiteFideId "24126055"]
[BlackFideId "4102142"]
[EventDate "2018.03.02"]

1. d4 d6 2. e4 Nf6 3. Nc3 g6 4. Nf3 Bg7 5. Be3 c6 6. Qd2 b5 7. Bd3 Bg4 8. O-O-O
Nbd7 9. Kb1 O-O 10. Bh6 e5 11. Ne2 c5 12. dxe5 Nxe5 13. Nxe5 dxe5 14. Bxg7 Kxg7
15. f3 Bd7 16. c4 b4 17. Qe3 1/2-1/2